banner-ar

القرى الاولى فى بلاد الشام من الالف التاسع حتى الالف السابع ق.م / (Record no. 44790)

MARC details
000 -الفاتح
حقل البيانات ثابتة الطول 00577nam a2200181Ia 4500
008 - عناصر البيانات ثابتة الطول - معلومات عامة
حقل البيانات ثابتة الطول 140319s9999 xx 000 0 ara d
040 ## - مصدر الفهرسة
وكالة الفهرسة الأصلية GCL /
وكالة النسخ GCL
082 04 - رقم تصنيف ديوى العشرى
رقم التصنيف 939.4
رقم المادة ك ق
100 1# - المدخل الرئيسى - إسم شخصى
الإسم الشخصى الياس مرقص
245 10 - بيان العنوان
العنوان القرى الاولى فى بلاد الشام من الالف التاسع حتى الالف السابع ق.م /
بيان المسئوليه,etc الياس مرقص
700 1# - المدخل الاضافى - اسم شخصى
الإسم الشخصى كوفان, جاك
300 ## - الوصف المادى
التعداد 25 ص
490 ## - بيان السلسلة
عنوان السلسلة
650 04 - المدخل الاضافى بالموضوع-مصطلح موضوعى
مصطلح موضوعي الشام - تاريخ
650 04 - المدخل الاضافى بالموضوع-مصطلح موضوعى
مصطلح موضوعي شبه الجزيرة العربية - تاريخ
942 ## - عناصر المدخل الإضافي( كوها)
مصدر التصنيف او مخطط الترفيف Dewey Decimal Classification
Koha [default] item type كتاب
Holdings
حالة التراجع حالة الفقد حالة تلف ليس للاعارة المكان المؤقت الموقع الحالى تاريخ الاكتساب اجمالي اﻻعارات رقم الطلب الباركود تاريخ اخر مشاهدة تاريخ تفعيل السعر نوع وعاء كوها
        مكتبة القاهرة الكبرى مكتبة القاهرة الكبرى 03/26/2014   939.4\ك ق 109374 03/26/2014 03/26/2014 كتاب
        مكتبة القاهرة الكبرى مكتبة القاهرة الكبرى 03/26/2014   939.4\ك ق 109375 03/26/2014 03/26/2014 كتاب
        مكتبة القاهرة الكبرى مكتبة القاهرة الكبرى 03/26/2014   939.4\ك ق 109376 03/26/2014 03/26/2014 كتاب

Powered By

EGPV